Arquitectura de Chile: anuario 2008-2009
Guardat en:
| Autor corporatiu: | |
|---|---|
| Format: | Llibre |
| Idioma: | espanyol anglès |
| Publicat: |
Santiago
AOA Asociación de Oficinas de Arquitectos
2009
|
| Matèries: | |
| Etiquetes: |
Afegir etiqueta
Sense etiquetes, Sigues el primer a etiquetar aquest registre!
|
MARC
| LEADER | 00000nam a2200000 a 4500 | ||
|---|---|---|---|
| 001 | UCG3527 | ||
| 003 | CL-VaPUC | ||
| 008 | 100902e20090000CL |||||||||||||||||spa|d | ||
| 041 | 0 | 7 | |a spa |2 CL-VaPUC |
| 041 | 0 | 7 | |a eng |2 CL-VaPUC |
| 082 | 0 | 4 | |a 720.983 |b ASO |2 21 |
| 110 | 2 | |a Asociación de Oficinas de Arquitectos |e author |9 552741 | |
| 245 | 1 | 0 | |a Arquitectura de Chile: anuario 2008-2009 |
| 246 | 1 | 0 | |a Chilean arquitecture: yearbook 2008-2009 |
| 300 | |a 278 p | ||
| 942 | |c BK | ||
| 945 | |d 20100902 00:00:00 |a mfarfan | ||
| 260 | |a Santiago |b AOA Asociación de Oficinas de Arquitectos |c 2009 | ||
| 500 | |a Arquitectura de vanguardia que aborda la diversidad geográfica, climática, la seguridad antisísmica y la sustentabilidad como componentes inseparables de todo proyecto | ||
| 650 | 0 | |a Arquitectura |9 804558 | |
| 651 | 7 | |a CHILE |2 CL-VaPUC |9 552743 | |
| 583 | |a last modification |c 20100902 00:00:00 |k Rodrigo Vera | ||
| 999 | |c 342593 |d 342591 | ||
| 952 | |0 0 |1 0 |4 0 |6 720_983000000000000_ASO_2009 |7 0 |8 A |9 438879 |a BIBARQ |b BIBARQ |d 2019-11-22 |i 471556K |o 720.983 ASO 2009 |p 471556K |r 2025-01-20 |w 2019-11-22 |y BK |k ARQ | ||